000 00294nam a22001337a 4500
008 181019b xxu||||| |||| 00| 0 eng d
020 _a9780071767798
041 _aeng
080 _a573
100 _a11
101 _aBIO
245 _aEasy Biology Step-by-Step
_cVivion,N
942 _2udc
_cBK
999 _c50252
_d50252